000 00593nam a2200229Ia 4500
003 OSt
005 20221005131117.0
006 a|||||r|||| 00| 0
007 ta
008 221004b |||||||| |||| 00| 0 eng d
024 _a59315
037 _cTextual
040 _aCRL
_cCRL
_beng
041 _2eng
_aeng
082 _aV2:25xM69:9, J13
100 _aKrishnadas
_9174650
245 0 _aSeven months with Mahatma Gandhi ed by Richard B Gregg
260 _c1951
650 _aHISTORY
942 _hV2:25xM69:9, J13
_cTEXL
_2cc
999 _c1059360
_d1059360